000 00866nam a22001935i 4500
001 169328
003 ES-MaACL
005 20250730153549.0
008 080901s1968 fr |||| | fre d
080 _a910.4(7/8)
100 1 _aPérez de Tudela y Bueso, Juan,
_d1922-2004
_990810
245 1 0 _aVision de la découverte du nouveau monde chez les chroniqueurs espagnols /
_c[Juan Pérez de Tudela y Bueso].
260 _aParis :
_bJ. Vrin,
_c1968.
300 _aP. [267]-277 ;
_c25 cm.
595 _aSeparata de: La découverte de l'Amérique : esquisse d'une synthèse, conditions historiques et conditions culturelles : dixième Stage international d'études humanistes, Tours, 1966.
651 4 _aAmérica española-
_xHistoria-
_y1492-1600 (Descubrimiento y conquista)
_97724
852 _aES-MaACL
_j2233-F-24
_9R.142414
999 _c169328
_d169328